MARC details
| 000 -CABECERA |
| campo de control de longitud fija |
00855cam a2200229 a 4500 |
| 001 - NÚMERO DE CONTROL |
| campo de control |
000019995 |
| 005 - FECHA Y HORA DE LA ÚLTIMA TRANSACCIÓN |
| campo de control |
20200929170224.0 |
| 008 - DATOS DE LONGITUD FIJA--INFORMACIÓN GENERAL |
| campo de control de longitud fija |
840313s1932 sp ab 000 0 spa d |
| 040 ## - FUENTE DE LA CATALOGACIÓN |
| Centro catalogador/agencia de origen |
DO-SdBNP |
| Lengua de catalogación |
spa |
| Centro/agencia transcriptor |
DLC |
| Centro/agencia modificador |
BNPHU |
| 082 ## - NÚMERO DE LA CLASIFICACIÓN DECIMAL DEWEY |
| Número de clasificación |
956.9401 |
| Número de documento/Ítem |
P384j |
| 245 04 - MENCIÓN DE TÍTULO |
| Título |
Los peligros judio-masonicos. / |
| Mención de responsabilidad, etc. |
Los protocolos de los sabios de Sion. |
| 250 ## - MENCIÓN DE EDICIÓN |
| Mención de edición |
9a ed. |
| 260 ## - PUBLICACIÓN, DISTRIBUCIÓN, ETC. |
| Lugar de publicación, distribución, etc. |
Madrid, (España) : |
| Nombre del editor, distribuidor, etc. |
Editorial Época, |
| Fecha de publicación, distribución, etc. |
[1932]. |
| 300 ## - DESCRIPCIÓN FÍSICA |
| Extensión |
232 p. : |
| Otras características físicas |
il., (maps) ; |
| Dimensiones |
19 cm. |
| 500 ## - NOTA GENERAL |
| Nota general |
Edición completa con estudios y comentarios críticos de E. Jouin |
| 650 #4 - PUNTO DE ACCESO ADICIONAL DE MATERIA--TÉRMINO DE MATERIA |
| Término de materia o nombre geográfico como elemento de entrada |
Cuestión judía. |
| 9 (RLIN) |
34439 |
| 650 #4 - PUNTO DE ACCESO ADICIONAL DE MATERIA--TÉRMINO DE MATERIA |
| Término de materia o nombre geográfico como elemento de entrada |
Sionismo |
| 9 (RLIN) |
34438 |
| 650 #4 - PUNTO DE ACCESO ADICIONAL DE MATERIA--TÉRMINO DE MATERIA |
| Término de materia o nombre geográfico como elemento de entrada |
Antisemitismo |
| 9 (RLIN) |
42594 |
| 700 1# - PUNTO DE ACCESO ADICIONAL--NOMBRE DE PERSONA |
| Nombre de persona |
Jouin, E. |
| Forma completa/desarrollada del nombre |
(Ernest), |
| Fechas asociadas al nombre |
1844-1932. |
| 9 (RLIN) |
42595 |
| 700 1# - PUNTO DE ACCESO ADICIONAL--NOMBRE DE PERSONA |
| Nombre de persona |
Victoria, Pablo Montesino y Espartero, |
| Títulos y otros términos asociados al nombre |
duque de la, |
| Fechas asociadas al nombre |
1866- [from old catalog] |
| Término indicativo de función/relación |
tr. |
| 9 (RLIN) |
42596 |
| 910 ## - DATOS DE OPCIÓN DEL USUARIO (OCLC) |
| Datos de opción del usuario |
Catalogación derivada / LC |